Fuzzy logic applications in engineering science
Fuzzy logic is a relatively new concept in science applications. Hitherto, fuzzy logic has been a conceptual process applied in the field of risk management. Its potential applicability is much wider than that, however, and its particular suitability for expanding our understanding of processes and...
Gorde:
| Egile nagusia: | |
|---|---|
| Formatua: | Liburua |
| Hizkuntza: | Undetermined |
| Argitaratua: |
Dordrecht,London
Springer
2006
|
| Gaiak: | |
| Etiketak: |
Etiketa erantsi
Etiketarik gabe, Izan zaitez lehena erregistro honi etiketa jartzen!
|
| Thư viện lưu trữ: | Trung tâm Học liệu Trường Đại học Cần Thơ |
|---|
| LEADER | 00977nam a2200205Ia 4500 | ||
|---|---|---|---|
| 001 | CTU_123949 | ||
| 008 | 210402s9999 xx 000 0 und d | ||
| 020 | |c 2099000 | ||
| 082 | |a 511.313 | ||
| 082 | |b H313 | ||
| 100 | |a Harris, J. (John) | ||
| 245 | 0 | |a Fuzzy logic applications in engineering science | |
| 245 | 0 | |c John Harris | |
| 260 | |a Dordrecht,London | ||
| 260 | |b Springer | ||
| 260 | |c 2006 | ||
| 520 | |a Fuzzy logic is a relatively new concept in science applications. Hitherto, fuzzy logic has been a conceptual process applied in the field of risk management. Its potential applicability is much wider than that, however, and its particular suitability for expanding our understanding of processes and information in science and engineering in our post-modern world is only just beginning to be appreciated | ||
| 650 | |a Engineering mathematics,Fuzzy logic,Automatic machinery | ||
| 904 | |i Nguyên | ||
| 980 | |a Trung tâm Học liệu Trường Đại học Cần Thơ | ||